Online Catalogue and eLibrary

Independence of the Judiciary : (Record no. 2870)

MARC details
000 -LEADER
fixed length control field 00247nam a2200097Ia 4500
008 - FIXED-LENGTH DATA ELEMENTS--GENERAL INFORMATION
fixed length control field 240331s9999 xx 000 0 und d
082 ## - DDC Classification
Item Number - Author Mark IND
100 ## - MAIN ENTRY--PERSONAL NAME
Personal name Logo. ed
245 #0 - TITLE STATEMENT
Title Independence of the Judiciary :
Remainder of title Logos-Vol.23 No.2, July 1984
942 ## - Koha item type (Biblio)
Koha item type Books in Stacks (Lending)
Holdings
Lost status Damaged status Collection code Home library Current library Shelving location Date acquired Full call number Accession Number Item type
    Lending WERC Library WERC Library Social Science Cupboard 03/31/2024 351.88 IND 224 Books in Stacks (Lending)

© WERC Library